Szczegóły MARC21

Strategia rozwoju turystyki województwa pomorskiego na lata 2004-2013 /

005 -DATA I CZAS OSTATNIEJ MODYFIKACJI [,]
    • @
    • pole kontrolne
    • 20100714094125.0
020 -Międzynarod. znormalizowany nr książki - ISBN [ , ]
    • a
    • Numer ISBN
    • 8388262068 Find
040 -Instytucja sporządzająca opis [ , ]
    • a
    • Instytucja, która sporządziła opis (NP)
    • SZCZ U/IJ
    • c
    • Instytucja, która sporządziła rekord (NP)
    • SZCZ U/IJ
    • d
    • Instytucja, która zmodyfikowała rekord (P)
    • SZCZ U/JŚ
041 -Język dokumentu [0, ]
    • a
    • Język tekstu (P)
    • polski
    • a
    • Język tekstu (P)
    • angielski
044 -Kraj miejsca wydania [ , ]
    • a
    • Kraj miejsca wydania
    • Polska
942 -Rodzaj dokumentu [ , ]
    • c
    • Rodzaj dokumentu
    • Książka
245 -Strefa tytułu i oznaczenia odpowiedzialności [0,0]
    • a
    • Tytuł
    • Strategia rozwoju turystyki województwa pomorskiego na lata 2004-2013 / Find
    • c
    • Pozostałe elementy strefy tytułu i oznaczenia odpowiedzialności (NP)
    • praca pod red. Marzeny Wanagos.
246 -Wariant tytułu [1,5]
    • i
    • Tekst wyświetlany na ekranie monitora (NP)
    • Tyt. z dodatkowej s. tyt.:
    • a
    • Tytuł (NP)
    • Strategy for development of tourism in pomorskie voivodeship in the period of 2004-2013
260 -Strefa adresu wydawniczego [ , ]
    • a
    • Miejsce wydania (P)
    • Gdańsk :
    • b
    • Nazwa wydawcy (P)
    • Urząd Marszałkowski Województwa Pomorskiego,
    • c
    • Data wydania (P)
    • 2004.
300 -Strefa opisu fizycznego [ , ]
    • a
    • Określenie formy książki i/lub objętość (NP)
    • 85, 85 s. ;
    • c
    • Format (NP)
    • 24 cm.
830 -Hasło dodatkowe serii i opisu książki wielotomowej - tytuł ujednolicony/tytuł [ ,0]
    • 9
    • KHW
    • 14897
    • a
    • Tytuł ujednolicony/tytuł (NP)
    • Pomorskie Studia Regionalne
500 -Uwaga ogólna [ , ]
    • a
    • Uwaga ogólna (NP)
    • Liczbowanie stron w przeciwnych kierunkach.
546 -Uwaga dot. języka [ , ]
    • a
    • Uwaga dot. języka
    • Treść równolegle w jęz. pol. i ang.
080 -Uniwersalna Klasyfikacja Dziesiętna [ , ]
    • 2
    • Identyfikator wydania tablic
    • UDC-P058
    • 9
    • UKD
    • 3264
    • a
    • Symbol klasyfikacji
    • 338.48
    • b
    • Dopowiedzenie
    • Turystyka. Turyzm.
    • 4
    • UKD2
    • 9862
    • x
    • Poddział wspólny
    • (438-35)
    • c
    • Dopowiedzenie poddz. wspólnego
    • (Polska - Województwa i analogiczne jednostki administracyjne).
    • 4
    • UKD2
    • 7644
    • x
    • Poddział wspólny
    • =111
    • c
    • Dopowiedzenie poddz. wspólnego
    • =Język angielski.
    • 4
    • UKD2
    • 7660
    • x
    • Poddział wspólny
    • =162.1
    • c
    • Dopowiedzenie poddz. wspólnego
    • =Język polski.
980 -Symbol UKD [ , ]
    • a
    • UKD
    • 338.48(438-35)=111=162.1Pomorskie
700 -Hasło dodatkowe - nazwa osobowa [1, ]
    • 9
    • KHW
    • 14891
    • a
    • Nazwa osobowa (NP)
    • Wanagos, Marzena. Find
    • e
    • Określenie rodzaju współpracy
    • Red.
920 -ISBN [ , ]
    • a
    • ISBN
    • 83-88262-06-8 Find
Status udost. Numer inwentarzowy Data inwentaryzacji Lokalizacja
-2T.108712010-05-19T